La météo en chansons - Statistiques

Statistiques générales
  • Ce quiz a été pris 120 fois
  • Le résultat moyen est 14 sur 50
Statistiques - réponses
Artistes Chansons Année % Correct
Stéphanie Ouragan 1986
84%
Claude François Le lundi au soleil 1972
82%
Renaud Dès que le vent soufflera 1983
77%
Jenifer Au soleil 2002
68%
Noir Désir Le vent nous portera 2001
64%
Beatles Here comes the sun 1969
53%
Carlos Señor météo 1974
50%
Elton John Candle in the wind 1978
50%
Laurent Voulzy Le soleil donne 1989
50%
Etienne Daho Duel au soleil 1986
48%
Adamo Tombe la neige 1963
47%
Sacha Distel Toute la pluie tombe sur moi 1975
44%
Elsa Jour de neige 1988
41%
Adele Set fire to the rain 2011
38%
Marie Laforêt Il a neigé sur Yesterday 1977
36%
Les Négresses Vertes Sous le soleil de Bodega 1991
32%
Orelsan & Stromae La pluie 2017
32%
Petula Clark La gadoue 1965
30%
The Doors Riders on the storm 1971
29%
Gene Kelly Singing in the rain 1952
28%
Eric Charden L'été s'ra chaud 1979
27%
Tones & I Never seen the rain 2019
27%
Bananarama Cruel summer 1983
26%
Bob Dylan Blowin' in the wind 1966
25%
Georges Brassens L'orage 1960
24%
Scorpions Rock you like a hurricane 1984
23%
Blues Trottoir Un soir de pluie 1987
21%
Guns n' Roses November rain 1992
20%
The Weather Girls It's raining men 1982
20%
A-Ha The sun always shines on Tv 1985
19%
Eurythmics Here comes the rain again 1984
18%
Pitbull & Marc Anthony Rain over me 2012
17%
Il était une fois Viens faire un tour sous la pluie 1975
16%
Judy Garland Over the rainbow 1938
15%
Claude Nougaro La pluie fait des claquettes 1967
14%
Kansas Dust in the wind 1977
14%
Anna Karina Sous le soleil exactement 1967
12%
The Stranglers Always the sun 1986
12%
Mika Rain 2008
10%
Roméo Elvis Soleil 2019
10%
Bruce Springsteen Thunder road 1995
9%
Creedence Clearwater Revival Have you ever seen the rain 1971
9%
U2 Electrical storm 2002
9%
Kinks Sunny afternoon 1966
8%
Jimi Hendrix The wind cries Mary 1967
7%
Raphaël Le vent de l'hiver 2008
7%
Cream Sunshine of your love 1967
4%
Passi Il fait chaud 1997
4%
Donovan Sunshine superman 1966
2%
Fabre d'Églantine Il pleut, il pleut, bergère 1780
1%
Aucun quiz correspondant
Distribution des résultats
% des personnes avec chaque résultat
Percentile par nombre de réponses
Votre historique - résultats
Vous n’avez pas pris ce quiz